| 000 | 01840nam a2200493Ii 4500 | ||
|---|---|---|---|
| 001 | DIGHERDER0299 | ||
| 003 | NyNyDIG | ||
| 007 | cr ||||||||||| | ||
| 008 | 220501s2017 sp ob 000 0 spa d | ||
| 006 | m o d | ||
| 035 | _a(OCoLC)989816874 | ||
| 040 |
_aDGITA _beng _erda _epn _cDGITA |
||
| 020 |
_a9788425439254 _qeBook _qePub |
||
| 020 | _z9788425439247 | ||
| 041 | 1 |
_aspa _hita |
|
| 050 | 1 | 4 | _aT14 ebook |
| 100 | 1 |
_aFerraris, Maurizio, _d1956- _eauthor. |
|
| 240 | 1 | 0 |
_aMobilitazione totale. _lSpanish _s(Alonso Ortega) |
| 245 | 1 | 0 |
_aMovilización total / _cMaurizio Ferraris ; traducción de Miguel Alonso Ortega. |
| 250 | _a1a. edición digital. | ||
| 264 | 1 |
_aBarcelona : _bHerder, _c2017. |
|
| 300 | _a1 online resource. | ||
| 336 |
_atext _btxt _2rdacontent |
||
| 337 |
_acomputer _bc _2rdamedia |
||
| 338 |
_aonline resource _bcr _2rdacarrier |
||
| 347 |
_atext file _2rdaft |
||
| 347 | _bEPUB | ||
| 490 | 1 | _aPensamiento Herder | |
| 504 | _aIncludes bibliographical references. | ||
| 588 | 0 | _aOnline resource; title from ePub title page (Digitalia, viewed May 1, 2022) | |
| 650 | 0 |
_aTechnology _xPhilosophy. |
|
| 650 | 0 |
_aInternet _xPhilosophy. |
|
| 650 | 0 | _aAct (Philosophy) | |
| 655 | 0 | _aElectronic books. | |
| 700 | 1 |
_aAlonso Ortega, Miguel, _etranslator. |
|
| 700 | 1 |
_iTranslation of: _aFerraris, Maurizio, _d1956- _tMobilitazione totale. |
|
| 791 | 2 |
_aDigitalia (Firm), _edistributor. |
|
| 793 | 0 |
_gDigitalia eBook Collection: _aHerder Editorial |
|
| 776 | 0 | 8 |
_iPrint version: _aFerraris, Maurizio, 1956- _sMobilitazione totale. Spanish (Alonso Ortega). _tMovilización total. _dBarcelona : Herder, 2017 _z9788425439247 |
| 830 | 0 | _aPensamiento Herder. | |
| 856 | 4 | 0 |
_3Digitalia Hispánica _uhttps://www.digitaliapublishing.com/a/61317/ |
| 910 | _aPremium collection: 2022 | ||
| 942 | _cRAA | ||
| 999 |
_c257581 _d257581 |
||